ბათუმის შოთა რუსთაველის სახელმწიფო უნივერსიტეტის ბიბლიოთეკა

კეთილშობილება (ბიბ.ჩანაწერი № 42542)

000 -LEADER
fixed length control field 00705nam a2200229Ia 4500
001 - CONTROL NUMBER
control field 9240
003 - CONTROL NUMBER IDENTIFIER
control field GE_BSU
008 - FIXED-LENGTH DATA ELEMENTS--GENERAL INFORMATION
fixed length control field 181216s||||||||xx |||||||||||||| ||und||
040 ## - CATALOGING SOURCE
Transcribing agency GE_BSU
080 ## - UNIVERSAL DECIMAL CLASSIFICATION NUMBER
Universal Decimal Classification number 821.353.1-32
100 ## - MAIN ENTRY--PERSONAL NAME
Personal name ლორია,პარმენ
245 ## - TITLE STATEMENT
Title კეთილშობილება
245 ## - TITLE STATEMENT
Remainder of title მოთხრობები
245 ## - TITLE STATEMENT
Statement of responsibility, etc. რედ:შ.ზოიძე;მხატვ:გ.ხოჯაშვილი
260 ## - PUBLICATION, DISTRIBUTION, ETC.
Place of publication, distribution, etc. ბათუმი.
260 ## - PUBLICATION, DISTRIBUTION, ETC.
Name of publisher, distributor, etc. საბჭ.აჭარა.
260 ## - PUBLICATION, DISTRIBUTION, ETC.
Date of publication, distribution, etc. 1974
300 ## - PHYSICAL DESCRIPTION
Extent 246გვ;21სმ.
653 ## - INDEX TERM--UNCONTROLLED
Uncontrolled term კეთილშობილება
653 ## - INDEX TERM--UNCONTROLLED
Uncontrolled term მოთხრობები
942 ## - ADDED ENTRY ELEMENTS (KOHA)
Koha item type წიგნი
ეგზემპლარები
Withdrawn status Lost status Damaged status Not for loan Date acquired Barcode Date last seen Price effective from Koha item type
        2018-12-17 31961 2018-12-17 2018-12-17 წიგნი
        2018-12-17 31962 2018-12-17 2018-12-17 წიგნი